000 00705nam a2200253Ia 4500
003 OSt
005 20220925220709.0
006 a|||||r|||| 00| 0
007 ta
008 220923b |||||||| |||| 00| 0 eng d
020 _a0333366069
037 _cGeneral Book
040 _aRTL
_cRTL
_beng
041 _2eng
_aeng
082 _aY9(W), M6
100 _aKing Roger
_9282868
245 0 _aState in modern society
_b New directions in political sociology
260 _aLondon
_bMacmillan
_c1986
300 _axix, 271p
_ccm.
500 _aBibliography: P 255-66
650 _aPolitical Sociology
942 _hY9(W), M6
_cGB
_2CC
999 _c572104
_d572104